Período de posajuste, estrategia de exportación y posibilidades para los pequeños productores rurales /
Guardado en:
| Hovedforfatter: | |
|---|---|
| Format: | Texto |
| Fag: | |
| Tags: |
Tilføj Tag
Ingen Tags, Vær først til at tagge denne postø!
|
MARC
| LEADER | 00000 a a2200000 04500 | ||
|---|---|---|---|
| 001 | 12556 | ||
| 003 | |||
| 040 | |||
| 100 | |a Granados Carvajal, Evelio | ||
| 245 | |a Período de posajuste, estrategia de exportación y posibilidades para los pequeños productores rurales / |c Evelio Granados Carvajal | ||
| 650 | |a AJUSTE ESTRUCTURAL | ||
| 650 | |a POLITICA DE EXPORTACION | ||
| 650 | |a PEQUEÑOS AGRICULTORES | ||
| 650 | |a ESTADO | ||
| 650 | |a REFORMA ADMINISTRATIVA | ||
| 650 | |a POLITICA ECONOMICA | ||
| 650 | |a DESARROLLO RURAL | ||
| 650 | |a DESARROLLO SOSTENIBLE | ||
| 650 | |a SECTOR AGROPECUARIO | ||
| 650 | |a COMPETITIVIDAD | ||
| 650 | |a EXPORTACIONES | ||
| 773 | |g volumen 1, número 1; páginas 99-119 | ||
| 999 | |c 26171 |d 26171 | ||
